[Event "4NCL Division 3 North"]
[Site "Doncaster, ENG"]
[Date "2019.11.09"]
[Round "1.65"]
[White "Miles, Richard"]
[Black "Hinchcliffe, Gary"]
[Result "1-0"]
[WhiteElo "1964"]
[BlackElo "1870"]
[PlyCount "89"]
[EventDate "2019.11.09"]
[WhiteTeam "Spirit of Atticus B"]
[BlackTeam "Shropshire 2"]

1. d4 d5 2. c4 c6 3. Nc3 Nf6 4. Nf3 e6 5. e3 Nbd7 6. Qc2 Be7 7. Bd2 a6 8. h3
dxc4 9. Bxc4 b5 10. Bd3 Bb7 11. Ne4 Nxe4 12. Bxe4 Qb6 13. b4 Nf6 14. Bd3 Nd5
15. a3 Bf6 16. O-O g6 17. Rac1 O-O 18. e4 Ne7 19. Be3 Qd8 20. Qb3 Qd7 21. Rfd1
Rfd8 22. Be2 Rac8 23. Qc2 Qe8 24. Qc5 Qd7 25. h4 Bg7 26. Bg5 f6 27. Bf4 Bf8 28.
Qc2 Ra8 29. Qb3 Kg7 30. Nh2 Nc8 31. Ng4 Be7 32. Qg3 Qe8 33. f3 a5 34. Bc7 Rd7
35. Bxa5 Bd8 36. Qf4 Qe7 37. e5 f5 38. Qh6+ Kh8 39. Nf6 Nb6 40. Nxd7 Nxd7 41.
Bxd8 Qxd8 42. h5 Qh4 43. Rc3 Rg8 44. f4 gxh5 45. Qxe6 1-0

[Event "4NCL Division 3 North"]
[Site "Doncaster, ENG"]
[Date "2019.11.09"]
[Round "1.66"]
[White "Ross, Stuart"]
[Black "Hulme, David I"]
[Result "0-1"]
[WhiteElo "1742"]
[BlackElo "1858"]
[PlyCount "100"]
[EventDate "2019.11.09"]
[WhiteTeam "Shropshire 2"]
[BlackTeam "Spirit of Atticus B"]

1. e4 e5 2. Nf3 Nc6 3. Bb5 a6 4. Ba4 Nf6 5. O-O d6 6. Re1 b5 7. Bb3 Na5 8. c3
Nxb3 9. axb3 Be7 10. d4 Be6 11. d5 Bg4 12. Nbd2 O-O 13. Nf1 Qd7 14. Ng3 Rfc8
15. h3 Bxf3 16. Qxf3 c6 17. Nf5 cxd5 18. Nxe7+ Qxe7 19. exd5 Qb7 20. b4 Re8 21.
Bg5 Nd7 22. Rad1 Nb6 23. b3 f6 24. Be3 e4 25. Qf4 Nxd5 26. Qxd6 Nxc3 27. Rd4
Qf7 28. Bd2 Qxb3 29. Bxc3 Qxc3 30. Rexe4 Qc8 31. Qd5+ Kh8 32. Qd6 Rxe4 33. Rxe4
h6 34. Qe7 Qf8 35. Qb7 Re8 36. Rxe8 Qxe8 37. Qxa6 Qe1+ 38. Kh2 Qxb4 39. Qc8+
Kh7 40. Qf5+ Kg8 41. Qe6+ Kf8 42. Qc8+ Kf7 43. Qd7+ Kg6 44. Qd3+ f5 45. g3 Qc5
46. Qe2 b4 47. Qe6+ Kh7 48. Kg2 Qc2 49. Kf3 b3 50. g4 Qe4+ 0-1

[Event "4NCL Division 3 North"]
[Site "Doncaster, ENG"]
[Date "2019.11.09"]
[Round "1.71"]
[White "Whitfield, Craig M"]
[Black "Bak, Andrew"]
[Result "1-0"]
[WhiteElo "2290"]
[BlackElo "1984"]
[PlyCount "47"]
[EventDate "2019.11.09"]
[WhiteTeam "J'Adoube 1"]
[BlackTeam "Bradford DCA Knights B"]

1. Nf3 Nf6 2. e3 g6 3. d4 Bg7 4. c4 O-O 5. Nc3 d5 6. cxd5 Nxd5 7. Be2 c5 8. Qb3
Nxc3 9. bxc3 cxd4 10. cxd4 b6 11. O-O Bb7 12. Rd1 Nd7 13. Ba3 Nf6 14. Rac1 Ne4
15. Ne5 Nd6 16. Bg4 Nf5 17. Nc6 Bxc6 18. Rxc6 Qd7 19. Rdc1 Bf6 20. e4 Bg5 21.
Bxf5 Qxd4 22. Bb2 Qd8 23. Bxg6 Bxc1 24. Bxh7+ 1-0

[Event "4NCL Division 3 North"]
[Site "Doncaster, ENG"]
[Date "2019.11.09"]
[Round "1.72"]
[White "Patrick, David A"]
[Black "Bennett, Patrick"]
[Result "1-0"]
[WhiteElo "1880"]
[BlackElo "2027"]
[PlyCount "67"]
[EventDate "2019.11.09"]
[WhiteTeam "Bradford DCA Knights B"]
[BlackTeam "J'Adoube 1"]

1. e4 e6 2. d4 a6 3. Nf3 b5 4. Bd3 Bb7 5. O-O c5 6. c3 Nf6 7. Re1 h6 8. Bf4 Be7
9. h3 Nc6 10. a3 c4 11. Bc2 Na5 12. Nbd2 g5 13. Be5 Rg8 14. Bxf6 Bxf6 15. Nh2
Qc7 16. Ng4 Bg7 17. e5 O-O-O 18. Be4 h5 19. Bxb7+ Qxb7 20. Ne3 g4 21. hxg4 Bh6
22. Qf3 hxg4 23. Qxb7+ Kxb7 24. a4 Kb6 25. Ne4 Rg6 26. axb5 axb5 27. Nc5 d6 28.
exd6 Rxd6 29. Rxa5 Kxa5 30. Nb7+ Kb6 31. Nxd6 f5 32. Nf7 Bg7 33. Nc2 Kc6 34.
Nb4+ 1-0

[Event "4NCL Division 3 North"]
[Site "Doncaster, ENG"]
[Date "2019.11.09"]
[Round "1.73"]
[White "Turner, John M"]
[Black "Baxter, Harold"]
[Result "1-0"]
[WhiteElo "2020"]
[BlackElo "1862"]
[PlyCount "133"]
[EventDate "2019.11.09"]
[WhiteTeam "J'Adoube 1"]
[BlackTeam "Bradford DCA Knights B"]

1. e4 c5 2. Nc3 e6 3. g3 Nc6 4. Bg2 Nf6 5. Nge2 d5 6. exd5 exd5 7. d4 c4 8. O-O
Be7 9. Bg5 Bg4 10. h3 Bxe2 11. Qxe2 Nxd4 12. Qd2 Ne6 13. Bxf6 Bxf6 14. Qxd5
Qxd5 15. Bxd5 Bxc3 16. bxc3 O-O-O 17. Bxc4 Rd6 18. Rfd1 Rhd8 19. Rxd6 Rxd6 20.
Bd3 h6 21. Kf1 Kc7 22. Ke2 Nc5 23. Re1 Re6+ 24. Kd2 Rxe1 25. Kxe1 Kd6 26. Kd2
b6 27. f4 f6 28. Ke3 Na4 29. Kd4 Nc5 30. Bc4 Kc6 31. Be2 Kd6 32. Bf3 a5 33. Kc4
Kc7 34. a3 Kd6 35. Kb5 Kc7 36. Bd5 Nd7 37. Be6 Nc5 38. Bf5 Kb7 39. Bg4 Kc7 40.
Bf3 Nd7 41. Bc6 Nc5 42. Bd5 Nd7 43. Bc6 Nc5 44. Bh1 Nd7 45. Bd5 Nc5 46. c4 Nd7
47. Bc6 Nc5 48. f5 Na4 49. Kxa4 Kxc6 50. Kb3 Kd6 51. g4 Kc6 52. Kc3 Kc5 53. Kd3
Kc6 54. Kd4 Kd6 55. a4 Kc6 56. c5 bxc5+ 57. Kc4 h5 58. gxh5 Kd6 59. Kb5 Ke5 60.
Kxa5 Kxf5 61. Kb6 Ke5 62. a5 f5 63. a6 f4 64. a7 f3 65. a8=Q Kf4 66. Qf8+ Ke3
67. Qxg7 1-0

[Event "4NCL Division 3 North"]
[Site "Doncaster, ENG"]
[Date "2019.11.09"]
[Round "1.74"]
[White "Slinger, Tony J"]
[Black "Edwards, Simon R"]
[Result "1/2-1/2"]
[WhiteElo "1832"]
[BlackElo "1997"]
[PlyCount "42"]
[EventDate "2019.11.09"]
[WhiteTeam "Bradford DCA Knights B"]
[BlackTeam "J'Adoube 1"]

1. d4 Nf6 2. Nf3 c5 3. g3 cxd4 4. Nxd4 g6 5. Bg2 Bg7 6. O-O O-O 7. c4 Nc6 8.
Nc3 Qa5 9. Nxc6 dxc6 10. Bd2 Qh5 11. Qc2 Bh3 12. Bxh3 Qxh3 13. f3 Rfd8 14. Rfd1
Qe6 15. b3 Nh5 16. Rac1 Bd4+ 17. Kg2 Ng7 18. e4 h5 19. Ne2 c5 20. Bc3 Bxc3 21.
Qxc3 Qc6 1/2-1/2

[Event "4NCL Division 3 North"]
[Site "Doncaster, ENG"]
[Date "2019.11.09"]
[Round "1.75"]
[White "Floresc, Petru"]
[Black "Adam, David W"]
[Result "1-0"]
[WhiteElo "1870"]
[BlackElo "1812"]
[PlyCount "83"]
[EventDate "2019.11.09"]
[WhiteTeam "J'Adoube 1"]
[BlackTeam "Bradford DCA Knights B"]

1. c4 Nf6 2. Nc3 c5 3. g3 g6 4. Bg2 Bg7 5. e3 Nc6 6. d4 d6 7. d5 Ne5 8. f4 Ned7
9. Nge2 O-O 10. O-O a6 11. e4 Rb8 12. a4 b6 13. h3 Bb7 14. g4 Qc7 15. Ng3 Rbd8
16. g5 Ne8 17. h4 Bd4+ 18. Kh1 e6 19. dxe6 fxe6 20. Qg4 Ng7 21. h5 gxh5 22.
Nxh5 Rde8 23. Ra3 Rf7 24. Ne2 Nxh5 25. Qxh5 Nf8 26. Rh3 Ng6 27. Ng3 Ref8 28. f5
exf5 29. exf5 Bxg2+ 30. Kxg2 Qb7+ 31. Kh2 Be5 32. f6 Re8 33. Qg4 b5 34. cxb5
axb5 35. a5 b4 36. Be3 Qb5 37. Kg1 Bxg3 38. Qxg3 Ne5 39. Bf4 Qxa5 40. Bxe5 Rxe5
41. g6 c4 42. gxh7+ 1-0

[Event "4NCL Division 3 North"]
[Site "Doncaster, ENG"]
[Date "2019.11.09"]
[Round "1.76"]
[White "Johnson, Paul A"]
[Black "Taylor, John Paul"]
[Result "1-0"]
[WhiteElo "1807"]
[BlackElo "1862"]
[PlyCount "53"]
[EventDate "2019.11.09"]
[WhiteTeam "Bradford DCA Knights B"]
[BlackTeam "J'Adoube 1"]

1. d4 Nf6 2. c4 e6 3. Nf3 d5 4. Nc3 Be7 5. cxd5 exd5 6. Bg5 h6 7. Bh4 O-O 8.
Qc2 Be6 9. e3 Nbd7 10. Rc1 c5 11. Be2 Rc8 12. O-O cxd4 13. Nxd4 Ne4 14. Bxe7
Qxe7 15. Rfd1 Nxc3 16. bxc3 Nf6 17. Qb3 a6 18. Nxe6 fxe6 19. c4 Ne4 20. f3 Qh4
21. Rc2 Qf2+ 22. Kh1 Nc5 23. Qc3 Rfe8 24. Qd4 dxc4 25. Rf1 Red8 26. Rxf2 Rxd4
27. exd4 1-0

[Event "4NCL Division 3 North"]
[Site "Doncaster, ENG"]
[Date "2019.11.09"]
[Round "1.81"]
[White "Kolbus, Dietmar"]
[Black "Trueman, Glenn"]
[Result "1-0"]
[WhiteElo "2300"]
[BlackElo "1900"]
[EventDate "2019.11.09"]
[PlyCount "85"]
[WhiteTeam "Manx Liberty 2"]
[BlackTeam "Manchester Manticores 3"]

1.c4 e6 2.Nf3 Nf6 3.g3 b6 4.Bg2 Bb7 5.O-O c5 6.Nc3 Be7 7.d4 cxd4 8.Qxd4 
O-O 9.Rd1 d6 10.b3 Nc6 11.Qf4 Qb8 12.Bb2 a6 13.e4 Ne5 14.Nd4 Qc7 15.Qe3 
Rfd8 16.Rac1 Rac8 17.h3 Qb8 18.Qe2 Qa8 19.Re1 Nfd7 20.Kh2 Nc5 21.Rcd1 Qb8 
22.Rd2 Qc7 23.Qd1 Qb8 24.Qe2 Qc7 25.Bh1 Qb8 26.Ba1 Qc7 27.Kg1 Qb8 28.Bg2 
Qc7 29.Nc2 Qb8 30.Nb4 Qc7 31.Nd3 Ncxd3 32.Rxd3 Nd7 33.Nb1 Bf8 34.Rdd1 Nc5 
35.Kh2 Nd7 36.Nd2 Nc5 37.Nf1 Nd7 38.Ne3 Ne5 39.f4 Nd7 40.h4 Nc5 41.Ng4 Bc6
42.b4 Nd7 43.Nh6+ 1-0

[Event "4NCL Division 3 North"]
[Site "Doncaster, ENG"]
[Date "2019.11.09"]
[Round "1.82"]
[White "Tyton, Adam"]
[Black "Fabri, Henrik"]
[Result "1/2-1/2"]
[WhiteElo "1967"]
[BlackElo "1930"]
[PlyCount "52"]
[EventDate "2019.11.09"]
[WhiteTeam "Manchester Manticores 3"]
[BlackTeam "Manx Liberty 2"]

1. e4 Nf6 2. e5 Nd5 3. c4 Nb6 4. c5 Nd5 5. Nc3 c6 6. Bc4 Nxc3 7. dxc3 d5 8.
cxd6 exd6 9. exd6 Bxd6 10. Qe2+ Qe7 11. Bg5 Qxe2+ 12. Nxe2 O-O 13. Rd1 Bc7 14.
O-O Nd7 15. Rfe1 Ne5 16. Bb3 Ng6 17. h3 h6 18. Be3 Re8 19. Rd2 Nh4 20. Rd4 g5
21. Red1 Nf5 22. R4d3 a6 23. Nd4 Nxe3 24. Rxe3 Rxe3 25. fxe3 Kg7 26. e4 c5
1/2-1/2

[Event "4NCL Division 3 North"]
[Site "Doncaster, ENG"]
[Date "2019.11.09"]
[Round "1.83"]
[White "Akeya-Price, Robert"]
[Black "Hilton, Tim"]
[Result "1/2-1/2"]
[WhiteElo "1882"]
[BlackElo "1975"]
[EventDate "2019.11.09"]
[PlyCount "35"]
[WhiteTeam "Manx Liberty 2"]
[BlackTeam "Manchester Manticores 3"]

1.d4 d5 2.Nf3 Nf6 3.g3 e6 4.Bg2 Be7 5.O-O O-O 6.b3 Nbd7 7.c4 c6 8.Qc2 b6 
9.Bb2 Ba6 10.Nbd2 Rc8 11.Rae1 c5 12.dxc5 Bxc5 13.Qb1 Qe7 14.Ne5 Nxe5 15.
Bxe5 Rfd8 16.Qa1 Bb4 17.Bc3 dxc4 18.Nxc4 1/2-1/2

[Event "4NCL Division 3 North"]
[Site "Doncaster, ENG"]
[Date "2019.11.09"]
[Round "1.84"]
[White "Livesey, R Nigel"]
[Black "Tomlinson, Zak"]
[Result "1/2-1/2"]
[WhiteElo "1855"]
[BlackElo "1745"]
[PlyCount "55"]
[EventDate "2019.11.09"]
[WhiteTeam "Manchester Manticores 3"]
[BlackTeam "Manx Liberty 2"]

1. c4 e5 2. g3 Nf6 3. Bg2 c6 4. d4 exd4 5. Qxd4 Bb4+ 6. Bd2 Qe7 7. Nf3 Bc5 8.
Qd3 d5 9. cxd5 Nxd5 10. a3 O-O 11. O-O Rd8 12. Qc2 h6 13. Nc3 Bg4 14. Rac1 Nd7
15. Rfe1 Bb6 16. Na4 Bc7 17. Nc3 N7f6 18. Nxd5 Nxd5 19. e4 Nf6 20. Bb4 Qe6 21.
Bc3 Bb6 22. Ne5 Bh3 23. b3 Bxg2 24. Kxg2 Bd4 25. f4 Ng4 26. Nxg4 Qxg4 27. h3
Qe6 28. Bxd4 1/2-1/2

[Event "4NCL Division 3 North"]
[Site "Doncaster, ENG"]
[Date "2019.11.09"]
[Round "1.85"]
[White "Costello, John"]
[Black "Lonsdale, Jon I"]
[Result "1/2-1/2"]
[WhiteElo "1725"]
[BlackElo "1840"]
[PlyCount "40"]
[EventDate "2019.11.09"]
[WhiteTeam "Manx Liberty 2"]
[BlackTeam "Manchester Manticores 3"]

1. d4 Nf6 2. Nf3 e6 3. g3 b5 4. Bg2 Bb7 5. O-O Be7 6. a4 b4 7. a5 O-O 8. Nbd2
Na6 9. Nb3 c5 10. Qd3 Qc8 11. Nxc5 Nxc5 12. dxc5 Be4 13. Qd1 Bxc5 14. Ne1 Bxg2
15. Kxg2 Qc6+ 16. Kg1 Rfc8 17. Nd3 Be7 18. Bd2 Qxc2 19. Rc1 Qxd1 20. Rfxd1 Kf8
1/2-1/2

[Event "4NCL Division 3 North"]
[Site "Doncaster, ENG"]
[Date "2019.11.09"]
[Round "1.86"]
[White "Norris, Michael J"]
[Black "Ruzhansky, Elias"]
[Result "1-0"]
[WhiteElo "1809"]
[BlackElo "1623"]
[PlyCount "111"]
[EventDate "2019.11.09"]
[WhiteTeam "Manchester Manticores 3"]
[BlackTeam "Manx Liberty 2"]

1. d4 d5 2. c4 e6 3. Nc3 Nf6 4. cxd5 exd5 5. Bf4 c6 6. Nf3 Bf5 7. e3 Be7 8. Qb3
Qb6 9. Qxb6 axb6 10. a3 b5 11. Bxb8 Rxb8 12. Ne5 Ra8 13. Rc1 b4 14. axb4 Bxb4
15. Bd3 Ne4 16. Bxe4 Bxe4 17. O-O Bf5 18. Ra1 O-O 19. Na4 f6 20. Nf3 Ra6 21.
Nc5 Bxc5 22. Rxa6 bxa6 23. dxc5 Rb8 24. Nd4 Bd7 25. b3 Kf7 26. Ra1 Ra8 27. Ra4
Ke7 28. Kf1 Kd8 29. Ke2 Kc7 30. Kd3 Bc8 31. Kc3 g6 32. Kb4 Bb7 33. Ka5 Re8 34.
Nc2 Re4 35. Rxe4 dxe4 36. Nb4 f5 37. Nxa6+ Kc8 38. Kb6 g5 39. g3 h5 40. h4 g4
41. Nb4 Ba8 42. Nxc6 Kd7 43. Nd4 Bd5 44. b4 Bf7 45. c6+ Kc8 46. Nxf5 Be6 47.
Nd6+ Kd8 48. Nxe4 Bd5 49. c7+ Kd7 50. Nf6+ Kc8 51. Nxd5 Kd7 52. Kb7 Kd6 53. Nf4
Ke5 54. c8=Q Ke4 55. Qc6+ Kf5 56. Qe6# 1-0

[Event "4NCL Division 3 North"]
[Site "Doncaster, ENG"]
[Date "2019.11.10"]
[Round "2.11"]
[White "Sakic, Lorand"]
[Black "Rawlinson, Aidan M"]
[Result "0-1"]
[WhiteElo "2035"]
[BlackElo "2170"]
[PlyCount "90"]
[EventDate "2019.11.10"]
[WhiteTeam "Bolton & Worsley"]
[BlackTeam "Manchester Manticores 2"]

1. e4 g6 2. d4 Bg7 3. Nc3 d6 4. Be3 a6 5. a4 Nf6 6. Qd2 d5 7. e5 Ng4 8. Bf4 c5
9. h3 cxd4 10. Qxd4 Nc6 11. Qxd5 Ngxe5 12. O-O-O Qb6 13. Be3 Qc7 14. f4 Be6 15.
Qd2 Nc4 16. Bxc4 Bxc4 17. Nd5 Bxd5 18. Qxd5 Rd8 19. Qb3 Rxd1+ 20. Kxd1 O-O 21.
Ne2 Na5 22. Qb4 Nc4 23. Bc1 Qc6 24. b3 Qxg2 25. Rg1 Qd5+ 26. Ke1 Nd6 27. c4 Qf3
28. Rg3 Qh1+ 29. Rg1 Qxh3 30. c5 a5 31. Qxa5 Ne4 32. Qb6 Qd3 33. Qb5 Bc3+ 34.
Nxc3 Qxc3+ 35. Ke2 Qc2+ 36. Ke3 Qf2+ 37. Kxe4 Qxg1 38. Be3 f5+ 39. Kf3 Qh1+ 40.
Kf2 Rd8 41. a5 Kg7 42. b4 Rd1 43. a6 g5 44. fxg5 Qg1+ 45. Kf3 Rf1+ 0-1

[Event "4NCL Division 3 North"]
[Site "Doncaster, ENG"]
[Date "2019.11.10"]
[Round "2.12"]
[White "Roberts, Paul"]
[Black "Sakic, Simeon"]
[Result "1-0"]
[WhiteElo "2115"]
[BlackElo "2012"]
[PlyCount "77"]
[EventDate "2019.11.10"]
[WhiteTeam "Manchester Manticores 2"]
[BlackTeam "Bolton & Worsley"]

1. Nf3 Nf6 2. d4 e6 3. Bf4 b6 4. e3 Bb7 5. Nbd2 d6 6. Bd3 c5 7. Qe2 Be7 8. h3
O-O 9. c3 Nbd7 10. O-O Re8 11. Rfd1 Bf8 12. Bg3 e5 13. dxe5 dxe5 14. Ng5 h6 15.
Nge4 Qe7 16. Nxf6+ Nxf6 17. e4 a6 18. a4 Qc7 19. Bh4 Nd7 20. Bc4 Be7 21. Qh5
Bxh4 22. Bxf7+ Kf8 23. Bxe8 Rxe8 24. Qxh4 Nf6 25. f3 c4 26. Nf1 Qc5+ 27. Qf2
Qc6 28. Ne3 Nh5 29. Nd5 Re6 30. Kh2 Kg8 31. Qh4 Nf6 32. Nxf6+ Rxf6 33. Rd8+ Kh7
34. Rad1 Qxa4 35. R1d6 Rxd6 36. Rxd6 Qb5 37. Qh5 Bc6 38. Qg6+ Kh8 39. Rd8+ 1-0

[Event "4NCL Division 3 North"]
[Site "Doncaster, ENG"]
[Date "2019.11.10"]
[Round "2.13"]
[White "Nagy, Viktor"]
[Black "Kay, Lee P"]
[Result "1/2-1/2"]
[WhiteElo "1817"]
[BlackElo "2065"]
[PlyCount "70"]
[EventDate "2019.11.10"]
[WhiteTeam "Bolton & Worsley"]
[BlackTeam "Manchester Manticores 2"]

1. Nf3 Nf6 2. b3 g6 3. Bb2 Bg7 4. e3 d5 5. c4 c6 6. Be2 O-O 7. O-O Re8 8. d4
Ne4 9. cxd5 cxd5 10. Nbd2 Nxd2 11. Qxd2 Nc6 12. Rac1 Bf5 13. b4 Rc8 14. b5 Nb8
15. Rxc8 Bxc8 16. Rc1 Bg4 17. h3 Bxf3 18. Bxf3 a6 19. Rc5 e6 20. Qc1 axb5 21.
Rxb5 Qd7 22. Be2 Bf8 23. Ba3 Rc8 24. Qb2 Bxa3 25. Qxa3 Nc6 26. Qb2 Nd8 27. g3
Rc7 28. Rb6 Qe7 29. Kg2 Nc6 30. a3 Na7 31. h4 Nc8 32. Rb3 Nd6 33. a4 Qd7 34. a5
Qa4 35. Qa3 Qxa3 1/2-1/2

[Event "4NCL Division 3 North"]
[Site "Doncaster, ENG"]
[Date "2019.11.10"]
[Round "2.14"]
[White "Mulleady, Peter J"]
[Black "Doherty, Paul"]
[Result "1-0"]
[WhiteElo "2020"]
[BlackElo "1742"]
[PlyCount "179"]
[EventDate "2019.11.10"]
[WhiteTeam "Manchester Manticores 2"]
[BlackTeam "Bolton & Worsley"]

1. e4 d6 2. d4 Nf6 3. Nc3 c6 4. Nf3 Qa5 5. Bd3 Bg4 6. O-O e5 7. Be2 Be7 8. dxe5
dxe5 9. Nd2 Be6 10. Nc4 Qc7 11. f4 Bxc4 12. Bxc4 b5 13. fxe5 Qxe5 14. Rf5 Qc7
15. e5 g6 16. exf6 gxf5 17. Bxf7+ Kxf7 18. fxe7 h5 19. Bg5 Nd7 20. Qf3 Kg6 21.
Bf4 Qb6+ 22. Be3 Qc7 23. Rf1 Qe5 24. Qxc6+ Nf6 25. Qf3 Ng4 26. Bf4 Qxe7 27. h3
Qc5+ 28. Kh1 Rae8 29. Nd5 a5 30. Bd2 Rhf8 31. Nf4+ Kh7 32. Nxh5 Qd6 33. Bf4 Qg6
34. Ng3 Nf6 35. Qb7+ Rf7 36. Qxb5 Ref8 37. Qxa5 Ne4 38. Nxe4 fxe4 39. g3 e3 40.
Qe5 Qxc2 41. Qxe3 Qxb2 42. Qe6 Kg8 43. Qg6+ Rg7 44. Qe6+ Kh7 45. Qe4+ Kg8 46.
Qd5+ Kh7 47. Rd1 Qb7 48. Qxb7 Rxb7 49. Kg2 Rb2+ 50. Kf3 Rxa2 51. Rd7+ Kg6 52.
Kg4 Ra4 53. h4 Kf6 54. Rd6+ Ke7 55. Rb6 Rg8+ 56. Kh5 Ra5+ 57. Bg5+ Kf7 58. Rb7+
Kf8 59. Kg4 Ra4+ 60. Kf3 Ra5 61. Bh6+ Ke8 62. Bf4 Ra3+ 63. Ke4 Ra5 64. Bc7 Rh5
65. Be5 Rg4+ 66. Bf4 Rg8 67. Bg5 Rhh8 68. Kf5 Kf8 69. Kf6 Ke8 70. Ke6 Rg6+ 71.
Bf6 Rxf6+ 72. Kxf6 Rh6+ 73. Kg5 Rc6 74. h5 Kf8 75. g4 Kg8 76. h6 Kh8 77. Kh5
Ra6 78. g5 Ra5 79. Re7 Ra6 80. g6 Ra8 81. Kg5 Kg8 82. Kf6 Ra6+ 83. Re6 Ra8 84.
Rb6 Re8 85. Rd6 Ra8 86. Ke7 Kh8 87. Rd8+ Rxd8 88. Kxd8 Kg8 89. Ke7 Kh8 90. g7+
1-0

[Event "4NCL Division 3 North"]
[Site "Doncaster, ENG"]
[Date "2019.11.10"]
[Round "2.15"]
[White "Carroll, Michael B"]
[Black "Newton, Robert A"]
[Result "1-0"]
[WhiteElo "1735"]
[BlackElo "1997"]
[PlyCount "75"]
[EventDate "2019.11.10"]
[WhiteTeam "Bolton & Worsley"]
[BlackTeam "Manchester Manticores 2"]

1. e4 c5 2. c3 Qa5 3. Nf3 Nc6 4. Be2 b5 5. O-O c4 6. d4 cxd3 7. Bxd3 e5 8. Re1
h6 9. Nbd2 Rb8 10. Nf1 d6 11. Bd2 Qc7 12. Ne3 Nf6 13. Nh4 Be6 14. Nhf5 g6 15.
Nh4 Be7 16. g3 Qc8 17. Nhg2 a5 18. f4 Bd7 19. Nd5 Bd8 20. Nge3 exf4 21. gxf4
O-O 22. Qe2 Nxd5 23. Nxd5 Bh4 24. Rf1 Bg4 25. Qg2 Bh3 26. Qe2 Rb7 27. Kh1 Qe6
28. Rg1 Re8 29. Qf3 h5 30. f5 Bg4 31. Rxg4 hxg4 32. Qxg4 Qe5 33. Qxh4 Re6 34.
Bf4 Qg7 35. fxe6 fxe6 36. Nf6+ Kf7 37. Rf1 e5 38. Bxe5 1-0

[Event "4NCL Division 3 North"]
[Site "Doncaster, ENG"]
[Date "2019.11.10"]
[Round "2.16"]
[White "Reed, John"]
[Black "Busznyak, Arpad"]
[Result "1-0"]
[WhiteElo "1982"]
[BlackElo "1622"]
[PlyCount "77"]
[EventDate "2019.11.10"]
[WhiteTeam "Manchester Manticores 2"]
[BlackTeam "Bolton & Worsley"]

1. d4 d5 2. c4 e6 3. Nc3 Nf6 4. cxd5 exd5 5. Bg5 Be7 6. e3 O-O 7. Bd3 h6 8. Bh4
Be6 9. Nge2 Nbd7 10. O-O a6 11. Nf4 c6 12. f3 Qc7 13. Nxe6 fxe6 14. Bg3 Bd6 15.
Bxd6 Qxd6 16. Qd2 c5 17. Rad1 cxd4 18. exd4 Nh7 19. Bb1 Ng5 20. Qd3 Nf6 21.
Rde1 Rae8 22. Re5 Nf7 23. Re2 Re7 24. Rfe1 Rfe8 25. Kh1 Nd8 26. a3 Nc6 27. Ba2
Nd8 28. Nd1 Nf7 29. Nf2 Qf4 30. g3 Qd6 31. Kg2 e5 32. dxe5 Rxe5 33. Rxe5 Rxe5
34. Rd1 Rh5 35. Bb1 Ng5 36. Qf5 Nf7 37. Qc8+ Nd8 38. Re1 Re5 39. Rxe5 1-0

[Event "4NCL Division 3 North"]
[Site "Doncaster, ENG"]
[Date "2019.11.10"]
[Round "2.21"]
[White "Davison, Colin F S"]
[Black "Parsons, Matthew"]
[Result "0-1"]
[WhiteElo "1855"]
[BlackElo "2155"]
[PlyCount "120"]
[EventDate "2019.11.10"]
[WhiteTeam "J'Adoube 2"]
[BlackTeam "Bradford DCA Knights A"]

1. c4 g6 2. g3 Bg7 3. Bg2 c5 4. Nc3 Nc6 5. Nf3 b6 6. O-O Bb7 7. b3 Ne5 8. e3
Bxf3 9. Bxf3 Nxf3+ 10. Qxf3 Nf6 11. Bb2 O-O 12. Rad1 d6 13. d4 Qc8 14. Rd2 h5
15. Nd5 Nxd5 16. Qxd5 Qe6 17. dxc5 Qxd5 18. cxd5 Bxb2 19. Rxb2 bxc5 20. Rc1
Rfb8 21. Rc4 a5 22. Rbc2 Kg7 23. Kg2 Ra7 24. Kf3 Rb4 25. Ke2 Kf6 26. e4 g5 27.
f4 Ra8 28. Kf3 g4+ 29. Kf2 Rab8 30. Ke3 h4 31. gxh4 Rh8 32. Kf2 Rxh4 33. Kg3
Rh3+ 34. Kxg4 Rd3 35. Rxb4 axb4 36. Re2 Kg6 37. h4 Rd1 38. h5+ Kh6 39. Rh2 Re1
40. Kf5 Rd1 41. Kg4 Rg1+ 42. Kf5 Rg3 43. Rh4 Rg2 44. Rg4 e6+ 45. dxe6 fxe6+ 46.
Kxe6 Rxg4 47. Kxd6 Rxf4 48. e5 Rd4+ 49. Kxc5 Rd8 50. Kxb4 Kxh5 51. a4 Rb8+ 52.
Kc4 Kg5 53. a5 Kf5 54. a6 Kxe5 55. Kc5 Rc8+ 56. Kb6 Kd6 57. Kb7 Rc7+ 58. Kb8
Rg7 59. b4 Kc6 60. b5+ Kb6 0-1

[Event "4NCL Division 3 North"]
[Site "Doncaster, ENG"]
[Date "2019.11.10"]
[Round "2.22"]
[White "Watson, Phil R"]
[Black "Parry, Samuel"]
[Result "1/2-1/2"]
[WhiteElo "2123"]
[BlackElo "1840"]
[PlyCount "59"]
[EventDate "2019.11.10"]
[WhiteTeam "Bradford DCA Knights A"]
[BlackTeam "J'Adoube 2"]

1. d4 Nf6 2. c4 g6 3. Nc3 Bg7 4. e4 d6 5. f3 O-O 6. Bg5 c5 7. d5 e6 8. Qd2 exd5
9. cxd5 a6 10. a4 Nbd7 11. Nh3 Re8 12. Be2 Rb8 13. O-O Nf8 14. Nf2 Bd7 15. a5
Bc8 16. Ng4 Bxg4 17. fxg4 N8d7 18. Rf2 h6 19. Bxh6 Nxe4 20. Nxe4 Rxe4 21. Bg5
Qc7 22. Qc2 Rbe8 23. Bd3 Re1+ 24. Rf1 Rxa1 25. Rxa1 Re5 26. Bf4 Rxd5 27. Bc4
Rd4 28. Rf1 Rxf4 29. Rxf4 d5 30. g3 1/2-1/2

[Event "4NCL Division 3 North"]
[Site "Doncaster, ENG"]
[Date "2019.11.10"]
[Round "2.23"]
[White "Hirst, Joe"]
[Black "Lang, Adam R"]
[Result "1-0"]
[WhiteElo "1810"]
[BlackElo "2145"]
[PlyCount "107"]
[EventDate "2019.11.10"]
[WhiteTeam "J'Adoube 2"]
[BlackTeam "Bradford DCA Knights A"]

1. e4 c5 2. b3 Nc6 3. Bb2 e6 4. Nf3 d5 5. exd5 exd5 6. d4 Nf6 7. Nc3 Bg4 8. Bb5
Qe7+ 9. Ne2 Bxf3 10. gxf3 O-O-O 11. Bxc6 bxc6 12. dxc5 Re8 13. Qd3 Nd7 14. b4
Ne5 15. Bxe5 Qxe5 16. c3 Kb7 17. Rb1 Qe6 18. Kd1 Qg6 19. Nf4 Qxd3+ 20. Nxd3 a6
21. a4 Be7 22. Kd2 Bf6 23. b5 axb5 24. axb5 Rb8 25. bxc6+ Kxc6 26. Nb4+ Kb5 27.
Nxd5+ Kxc5 28. Nxf6 gxf6 29. Rxb8 Rxb8 30. Rg1 Rd8+ 31. Ke3 Rd5 32. Rg4 Rh5 33.
h4 Kd5 34. Rd4+ Kc5 35. c4 Re5+ 36. Kd3 Rf5 37. Ke3 Re5+ 38. Re4 Rh5 39. Rf4
Re5+ 40. Kd3 Rh5 41. Rxf6 Rxh4 42. Rxf7 Rd4+ 43. Ke3 Rh4 44. Rf5+ Kxc4 45. Rf4+
Rxf4 46. Kxf4 Kd5 47. Kg5 Ke6 48. f4 Kf7 49. f5 Kg7 50. f6+ Kf8 51. Kf5 Kf7 52.
Kg5 Ke6 53. f3 Kd6 54. Kh6 1-0

[Event "4NCL Division 3 North"]
[Site "Doncaster, ENG"]
[Date "2019.11.10"]
[Round "2.24"]
[White "Bak, Andrew"]
[Black "Connor, Michael I"]
[Result "1-0"]
[WhiteElo "1984"]
[BlackElo "1802"]
[PlyCount "75"]
[EventDate "2019.11.10"]
[WhiteTeam "Bradford DCA Knights A"]
[BlackTeam "J'Adoube 2"]

1. e4 Nf6 2. Nc3 d5 3. e5 Nfd7 4. d4 c5 5. dxc5 e6 6. Nf3 Bxc5 7. Bd3 h6 8. O-O
O-O 9. Bf4 Nc6 10. Qd2 Re8 11. Rae1 Nf8 12. Ne2 f5 13. h4 Qe7 14. Bg3 Bd7 15.
h5 Rec8 16. Nf4 Be8 17. Bxf5 exf5 18. Qxd5+ Kh8 19. Bh4 Bxf2+ 20. Rxf2 Qb4 21.
Nd3 Qg4 22. e6 Bxh5 23. Nde5 Nxe5 24. Rxe5 Bg6 25. e7 Nh7 26. Rd2 Qa4 27. Nd4
Nf6 28. Bxf6 gxf6 29. Rxf5 Qc4 30. Qd6 Bxf5 31. Qxf6+ Kh7 32. Qxf5+ Kh8 33.
Qf6+ Kh7 34. Nf5 Qg4 35. Qxh6+ Kg8 36. Qe6+ Kh7 37. Qf7+ Kh8 38. Rd4 1-0

[Event "4NCL Division 3 North"]
[Site "Doncaster, ENG"]
[Date "2019.11.10"]
[Round "2.25"]
[White "Mills, Colin J"]
[Black "Jennings, Roger W"]
[Result "1/2-1/2"]
[WhiteElo "1697"]
[BlackElo "1998"]
[PlyCount "64"]
[EventDate "2019.11.10"]
[WhiteTeam "J'Adoube 2"]
[BlackTeam "Bradford DCA Knights A"]

1. f4 g6 2. Nf3 Bg7 3. g3 Nf6 4. Bg2 O-O 5. O-O d6 6. c3 Nc6 7. d3 Bd7 8. Na3
Qc8 9. Re1 Bh3 10. Bh1 Bg4 11. Nc2 e5 12. fxe5 Nxe5 13. d4 Nxf3+ 14. exf3 Be6
15. Bg5 c6 16. Qd2 Qd7 17. Bh6 Bxh6 18. Qxh6 Rfe8 19. Qg5 Nd5 20. c4 Bf5 21.
Qd2 Nb6 22. Ne3 d5 23. g4 Be6 24. c5 Nc4 25. Nxc4 dxc4 26. h3 Rad8 27. Rad1 Bd5
28. a3 Rxe1+ 29. Rxe1 Re8 30. Kf2 Re6 31. Rxe6 Qxe6 32. Qe3 Qxe3+ 1/2-1/2